Chemical Elements That Don't End In -E, -M or -N - Statistics

General Stats
  • This quiz has been taken 42 times
    13 since last reset
  • The average score is 7 of 13
Answer Stats
Ends in... Element % Correct
-D Gold
100%
-R Silver
100%
-C Arsenic
88%
-S Phosphorus
63%
-C Zinc
63%
-R Copper
50%
-R Sulfur
50%
-T Cobalt
38%
-D Lead
38%
-Y Mercury
38%
-L Nickel
38%
-Y Antimony
25%
-H Bismuth
13%
No matching quizzes found
Score Distribution
Percent of People with Each Score
Percentile by Number Answered
Your Score History
You have not taken this quiz since the last reset